[Event "Titled Tuesday intern op 06th Feb Early"]
[Site "Chess.com INT"]
[Date "2024.02.06"]
[Round "5"]
[White "Ai, Evan Zihao"]
[Black "Khamdamova, Afruza"]
[Result "0-1"]
[WhiteElo "2188"]
[BlackElo "2327"]
[PlyCount "100"]
[EventDate "2024.02.06"]
[EventType "swiss (blitz)"]
[EventRounds "11"]
[EventCountry "USA"]
[SourceTitle "CB07_2024"]
[SourceDate "2024.02.14"]
[SourceVersion "1"]
[SourceVersionDate "2024.02.14"]
[SourceQuality "1"]

1. e4 e5 2. Nf3 Nc6 3. Bb5 a6 4. Ba4 Nf6 5. 0-0 Be7 6. Re1 b5 7. Bb3 d6 8. c3 0-0 9. h3 Bb7 10. d4 Re8 11. Nbd2 Bf8 12. Bc2 Nb8 13. a4 Nbd7 14. Bd3 c6 15. Qc2 g6 16. Nf1 exd4 17. cxd4 Bg7 18. g4 c5 19. axb5 axb5 20. Rxa8 Qxa8 21. dxc5 Nxc5 22. Ng3 Nxd3 23. Qxd3 Nxe4 24. Nxe4 Rxe4 25. Qxd6 Rxe1+ 26. Nxe1 Qc8 27. Nd3 h5 28. gxh5 Qxh3 29. Qb8+ Bc8 30. hxg6 fxg6 31. Qxb5 Bf5 32. Nf4 Qg4+ 33. Kh2 Kh7 34. Qe2 Qh4+ 35. Kg2 Bh6 36. Qf3 Qe7 37. Qg3 Qe4+ 38. Qf3 Qc2 39. Be3 Be4 40. Kg3 Bxf3 41. Kxf3 Qxb2 42. Nd3 Qb7+ 43. Ke2 Bxe3 44. Kxe3 Kh6 45. Ne5 Kg5 46. Nf3+ Kf6 47. Nd4 Qe7+ 48. Kf3 Qd6 49. Ne2 Qd5+ 50. Kg3 Qd3+ 0-1

[Event "Titled Tuesday intern op 06th Feb Late"]
[Site "Chess.com INT"]
[Date "2024.02.06"]
[Round "11"]
[White "Dahlgren, James Allen"]
[Black "Ai, Evan Zihao"]
[Result "0-1"]
[WhiteElo "1770"]
[BlackElo "2188"]
[PlyCount "64"]
[EventDate "2024.02.06"]
[EventType "swiss (blitz)"]
[EventRounds "11"]
[EventCountry "USA"]
[SourceTitle "CB07_2024"]
[SourceDate "2024.02.14"]
[SourceVersion "1"]
[SourceVersionDate "2024.02.14"]
[SourceQuality "1"]

1. d3 e6 2. Nf3 d5 3. g3 Nf6 4. Bg2 Bd6 5. 0-0 0-0 6. Nbd2 b6 7. e4 dxe4 8. Nxe4 Nxe4 9. dxe4 e5 10. Be3 Bb7 11. Nd2 Qe7 12. Nc4 Bc5 13. Qe2 Nd7 14. Rad1 Bxe3 15. Nxe3 g6 16. Nd5 Bxd5 17. exd5 Qd6 18. c4 f5 19. Rfe1 a5 20. a3 Rae8 21. Qc2 e4 22. Qc3 Qe5 23. Qxe5 Nxe5 24. Rd4 Nd3 25. Re2 a4 26. Rd2 Nc5 27. Re2 Nb3 28. Rd1 Na5 29. Rc2 Rd8 30. Bf1 c6 31. d6 c5 32. Rcd2 Rd7 0-1

[Event "Titled Tuesday intern op 19th Sep Late"]
[Site "Chess.com INT"]
[Date "2023.09.19"]
[Round "5"]
[White "Ai, Evan Zihao"]
[Black "Carroll, Thomas"]
[Result "0-1"]
[WhiteElo "2199"]
[BlackElo "2048"]
[PlyCount "116"]
[EventDate "2023.09.19"]
[EventType "swiss (blitz)"]
[EventRounds "11"]
[EventCountry "USA"]
[SourceTitle "EXT 2024"]
[Source "ChessBase"]
[SourceDate "2023.10.10"]
[SourceVersion "1"]
[SourceVersionDate "2023.10.10"]
[SourceQuality "1"]

1. e4 Nc6 2. Nf3 d6 3. d4 Nf6 4. Nbd2 e5 5. dxe5 Nxe5 6. Be2 Be7 7. Nxe5 dxe5 8. c3 0-0 9. 0-0 c6 10. Qc2 Be6 11. Bc4 Bxc4 12. Nxc4 Qc7 13. f3 Rfd8 14. Be3 b5 15. Nd2 a5 16. a4 Qb7 17. axb5 Qxb5 18. b3 Qd3 19. Qxd3 Rxd3 20. Nc4 Rxc3 21. Rfc1 Rxc1+ 22. Rxc1 Nd7 23. Ra1 Bb4 24. Bd2 Bxd2 25. Nxd2 Nb6 26. b4 a4 27. Rc1 a3 28. Nb3 a2 29. Na1 Rc8 30. Rc2 Kf8 31. Rxa2 c5 32. bxc5 Rxc5 33. Nb3 Rc3 34. Nd2 Ke7 35. Kf2 f6 36. Ra7+ Nd7 37. Ke2 Ke6 38. Ra4 g6 39. Ra6+ Ke7 40. Ra4 h5 41. Rc4 Ra3 42. Rc2 Nf8 43. Nc4 Ra7 44. Ne3 Ne6 45. Nd5+ Kf7 46. g3 Nd4+ 47. Kd2 Nxc2 48. Kxc2 Ra2+ 49. Kd3 Rxh2 50. Ke3 h4 51. gxh4 Rxh4 52. Kf2 Rh2+ 53. Kg3 Rd2 54. f4 Rxd5 55. exd5 exf4+ 56. Kxf4 Ke7 57. Ke4 Kd6 58. Kd4 f5 0-1

[Event "Titled Tuesday intern op 12th Sep Late"]
[Site "Chess.com INT"]
[Date "2023.09.12"]
[Round "3"]
[White "Ai, Evan Zihao"]
[Black "Becerra, Juan David"]
[Result "0-1"]
[WhiteElo "2199"]
[BlackElo "2348"]
[PlyCount "124"]
[EventDate "2023.09.12"]
[EventType "swiss (blitz)"]
[EventRounds "11"]
[EventCountry "USA"]
[SourceTitle "EXT 2024"]
[Source "ChessBase"]
[SourceDate "2023.10.10"]
[SourceVersion "1"]
[SourceVersionDate "2023.10.10"]
[SourceQuality "1"]

1. e4 e5 2. Nf3 Nc6 3. d4 exd4 4. Nxd4 Bb4+ 5. c3 Bc5 6. Be3 Bb6 7. Bc4 Nf6 8. f3 0-0 9. 0-0 Re8 10. Nd2 d5 11. Bb5 Bd7 12. Bxc6 bxc6 13. Qc2 c5 14. Ne2 d4 15. cxd4 Bb5 16. dxc5 Bxe2 17. cxb6 Bxf1 18. b7 Rb8 19. Rxf1 Rxb7 20. Nc4 Qd7 21. b3 Qb5 22. Rd1 a5 23. Bd4 Nh5 24. Ne3 Nf4 25. Rd2 a4 26. bxa4 Qb1+ 27. Qxb1 Rxb1+ 28. Kf2 Rd8 29. a5 c5 30. Bc3 Rxd2+ 31. Bxd2 Rb2 32. Nc4 Rxa2 33. g3 Ne6 34. Ke3 Nd4 35. f4 f6 36. e5 Kf7 37. exf6 gxf6 38. Ke4 Ke6 39. Be3 f5+ 40. Kd3 Ra4 41. Bxd4 cxd4 42. Kxd4 Ra1 43. h4 h5 44. Kc5 Ra2 45. Kc6 Ra4 46. Kb5 Ra1 47. a6 Kd7 48. Ne5+ Kc7 49. Ng6 Rg1 50. Ne7 Rxg3 51. Nxf5 Rg4 52. Ne3 Rxh4 53. f5 Re4 54. Nd5+ Kb8 55. Nf6 Re5+ 56. Kb6 Rxf5 57. Nd7+ Ka8 58. Nc5 Rf6+ 59. Kb5 h4 60. Nd7 Rh6 61. Nb6+ Rxb6+ 62. Kxb6 h3 0-1

[Event "Titled Tuesday intern op 12th Sep Late"]
[Site "Chess.com INT"]
[Date "2023.09.12"]
[Round "8"]
[White "Ai, Evan Zihao"]
[Black "Kovacs, Klara"]
[Result "0-1"]
[WhiteElo "2199"]
[BlackElo "2115"]
[PlyCount "70"]
[EventDate "2023.09.12"]
[EventType "swiss (blitz)"]
[EventRounds "11"]
[EventCountry "USA"]
[SourceTitle "EXT 2024"]
[Source "ChessBase"]
[SourceDate "2023.10.10"]
[SourceVersion "1"]
[SourceVersionDate "2023.10.10"]
[SourceQuality "1"]

1. e4 e6 2. d4 d5 3. exd5 exd5 4. c3 Bd6 5. Bd3 Nc6 6. Ne2 Nge7 7. 0-0 Bg4 8. f3 Bh5 9. Bf4 Bg6 10. Qd2 Qd7 11. Bxd6 Qxd6 12. Nf4 0-0-0 13. Nxg6 hxg6 14. g3 Nf5 15. Na3 Rh3 16. Qg5 Nce7 17. Nb5 Qb6 18. Rae1 a6 19. Rxe7 Nxe7 20. Qg4+ f5 21. Qxh3 axb5 22. Qh4 Nc6 23. Qg5 Nxd4 24. Kh1 Nc6 25. Qxg6 f4 26. Qf5+ Kb8 27. Qxf4 b4 28. cxb4 Nxb4 29. Bb1 d4 30. a3 Nd5 31. Qg5 c5 32. Be4 Ne3 33. Re1 Ka7 34. Qxg7 Qxb2 35. Qe7 Qg2# 0-1

[Event "Titled Tuesday intern op 12th Sep Early"]
[Site "Chess.com INT"]
[Date "2023.09.12"]
[Round "10"]
[White "Ai, Evan Zihao"]
[Black "Martine, Jean Christophe"]
[Result "0-1"]
[WhiteElo "2199"]
[BlackElo "1998"]
[PlyCount "148"]
[EventDate "2023.09.12"]
[EventType "swiss (blitz)"]
[EventRounds "11"]
[EventCountry "USA"]
[SourceTitle "EXT 2024"]
[Source "ChessBase"]
[SourceDate "2023.10.10"]
[SourceVersion "1"]
[SourceVersionDate "2023.10.10"]
[SourceQuality "1"]

1. e4 e5 2. Nf3 d6 3. d4 f5 4. exf5 e4 5. Nfd2 Bxf5 6. Nc3 d5 7. f3 Nf6 8. fxe4 Nxe4 9. Ndxe4 Bxe4 10. Nxe4 dxe4 11. Qh5+ Kd7 12. Qf5+ Ke8 13. Bc4 Qf6 14. Qxe4+ Qe7 15. Be6 c6 16. 0-0 Nd7 17. Bf4 Nf6 18. Qf5 Qb4 19. c3 Qb5 20. Qxb5 cxb5 21. Rae1 Be7 22. d5 Bc5+ 23. Kh1 Kd8 24. Bg5 Rf8 25. Bh4 Bd6 26. g4 h6 27. g5 hxg5 28. Bxg5 Kc7 29. h4 Rae8 30. Kg2 Nh5 31. Rxf8 Rxf8 32. Rf1 Nf4+ 33. Bxf4 Rxf4 34. Rxf4 Bxf4 35. Kf3 Bc1 36. b3 Kd6 37. Ke4 Bb2 38. c4 bxc4 39. bxc4 b6 40. h5 a5 41. Kf5 Bc3 42. Kg6 Ke7 43. Kf5 Bd4 44. Ke4 Bb2 45. Kd3 Bf6 46. Kc2 Be5 47. Kb3 Kf6 48. Ka4 Bd4 49. Kb5 Ke7 50. Kc6 Bc5 51. Bf5 Kf6 52. Bg6 Ke7 53. Kc7 a4 54. Bc2 a3 55. Bg6 Bd6+ 56. Kxb6 Kd8 57. c5 Be5 58. Kb7 Bd4 59. c6 Be5 60. Bf5 Bc7 61. Bd7 Bd6 62. Ka6 Kc7 63. Kb5 Be7 64. Kc4 Bd6 65. Kd4 Be7 66. Ke4 Bf6 67. Kf5 Be7 68. Ke6 Bd6 69. Be8 Bc5 70. Bg6 Bd6 71. Be4 Bc5 72. Ke5 Bd6+ 73. Kf5 Bc5 74. Kg6 Bd4 0-1

[Event "Titled Tuesday intern op 12th Sep Late"]
[Site "Chess.com INT"]
[Date "2023.09.12"]
[Round "10"]
[White "Fareh, Youness"]
[Black "Ai, Evan Zihao"]
[Result "0-1"]
[WhiteElo "2173"]
[BlackElo "2199"]
[PlyCount "96"]
[EventDate "2023.09.12"]
[EventType "swiss (blitz)"]
[EventRounds "11"]
[EventCountry "USA"]
[SourceTitle "EXT 2024"]
[Source "ChessBase"]
[SourceDate "2023.10.10"]
[SourceVersion "1"]
[SourceVersionDate "2023.10.10"]
[SourceQuality "1"]

1. Nf3 Nf6 2. d4 e6 3. Bf4 d5 4. e3 c5 5. Nbd2 Nc6 6. Be2 cxd4 7. exd4 Nh5 8. Bg3 g6 9. c3 f6 10. Qb3 Bd6 11. 0-0-0 Nf4 12. Bb5 a6 13. Bf1 0-0 14. h4 Nh5 15. Bxd6 Qxd6 16. g4 Nf4 17. h5 g5 18. Ng1 Bd7 19. Nh3 Rac8 20. Kb1 Na5 21. Qb4 Qxb4 22. cxb4 Nxh3 23. Rxh3 Nc6 24. a3 Nxd4 25. Ne4 Ba4 26. Rxd4 Bc2+ 27. Ka2 Bxe4 28. f3 Bc2 29. f4 gxf4 30. Rxf4 e5 31. Rf2 d4 32. b3 e4 33. Bc4+ Kh8 34. h6 b5 35. Bd5 e3 36. Re2 Rfd8 37. Bb7 Rc3 38. Bxa6 Bxb3+ 39. Kb2 Bc4 40. Re1 Ra8 41. Bb7 Raxa3 42. Be4 Rcb3+ 43. Kc1 Ra1+ 44. Kc2 Rxe1 45. Bd5 Rc3+ 46. Kb2 Re2+ 47. Kb1 Bd3+ 48. Ka1 Rc1# 0-1

[Event "Titled Tuesday intern op 12th Sep Early"]
[Site "Chess.com INT"]
[Date "2023.09.12"]
[Round "9"]
[White "Liu, Casper Yukun"]
[Black "Ai, Evan Zihao"]
[Result "1-0"]
[WhiteElo "2278"]
[BlackElo "2199"]
[PlyCount "121"]
[EventDate "2023.09.12"]
[EventType "swiss (blitz)"]
[EventRounds "11"]
[EventCountry "USA"]
[SourceTitle "EXT 2024"]
[Source "ChessBase"]
[SourceDate "2023.10.10"]
[SourceVersion "1"]
[SourceVersionDate "2023.10.10"]
[SourceQuality "1"]

1. e4 e5 2. d4 exd4 3. Qxd4 Nc6 4. Qe3 g6 5. Nc3 Bg7 6. Bd2 d6 7. 0-0-0 Nge7 8. h4 h5 9. Nd5 Be6 10. Bc3 Bh6 11. f4 Bxd5 12. exd5 Ne5 13. Kb1 0-0 14. Qf2 Ng4 15. Qd4 f6 16. Nf3 Nf5 17. Qd2 Ng3 18. Rg1 Ne4 19. Qd4 Re8 20. Bd3 Nxc3+ 21. Qxc3 Kf7 22. Rgf1 Bg7 23. Rde1 f5 24. Ng5+ Kg8 25. Qd2 Qf6 26. c3 Bh6 27. Ne6 Re7 28. g3 Rae8 29. Re2 Qf7 30. Rfe1 Nf6 31. c4 Nd7 32. b4 Qf6 33. Qb2 Qxb2+ 34. Kxb2 Nf6 35. Kc3 Bg7 36. Kc2 Nd7 37. a4 Nb6 38. a5 Nc8 39. Nxg7 Rxe2+ 40. Rxe2 Rxe2+ 41. Bxe2 Kxg7 42. Kd3 Ne7 43. Kd4 Kf6 44. b5 a6 45. bxa6 bxa6 46. c5 c6 47. cxd6 Nxd5 48. Bxa6 Ke6 49. Bc4 Kxd6 50. Bxd5 cxd5 51. a6 Kc6 52. a7 Kb7 53. Kxd5 Kxa7 54. Ke6 Kb6 55. Kf6 Kc5 56. Kxg6 Kd4 57. Kxf5 Ke3 58. Kg5 Kf3 59. Kxh5 Kxg3 60. f5 Kf4 61. f6 1-0

[Event "Titled Tuesday intern op 05th Sep Early"]
[Site "Chess.com INT"]
[Date "2023.09.05"]
[Round "5"]
[White "Ai, Evan Zihao"]
[Black "Villa Tornero, Alex"]
[Result "1-0"]
[WhiteElo "2199"]
[BlackElo "2397"]
[PlyCount "51"]
[EventDate "2023.09.05"]
[EventType "swiss (blitz)"]
[EventRounds "11"]
[EventCountry "USA"]
[SourceTitle "EXT 2024"]
[Source "ChessBase"]
[SourceDate "2023.10.10"]
[SourceVersion "1"]
[SourceVersionDate "2023.10.10"]
[SourceQuality "1"]

1. e4 Nf6 2. e5 Nd5 3. d4 d6 4. c4 Nb6 5. exd6 cxd6 6. Nc3 g6 7. Be3 Bg7 8. Rc1 0-0 9. b3 e5 10. dxe5 dxe5 11. Qxd8 Rxd8 12. Nf3 Nc6 13. Nb5 Bg4 14. Nd2 Nb4 15. a3 Nd3+ 16. Bxd3 Rxd3 17. Rc3 Rxc3 18. Nxc3 Nd7 19. Nd5 b6 20. f3 Be6 21. Nc7 Rc8 22. Nxe6 fxe6 23. Ne4 a6 24. Ke2 Bf8 25. Rd1 Rc7 26. Rxd7 1-0

[Event "Titled Tuesday intern op 05th Sep Late"]
[Site "Chess.com INT"]
[Date "2023.09.05"]
[Round "8"]
[White "Hajiyev, Kanan"]
[Black "Ai, Evan Zihao"]
[Result "0-1"]
[WhiteElo "2113"]
[BlackElo "2199"]
[PlyCount "76"]
[EventDate "2023.09.05"]
[EventType "swiss (blitz)"]
[EventRounds "11"]
[EventCountry "USA"]
[SourceTitle "EXT 2024"]
[Source "ChessBase"]
[SourceDate "2023.10.10"]
[SourceVersion "1"]
[SourceVersionDate "2023.10.10"]
[SourceQuality "1"]

1. d4 Nf6 2. Nf3 e6 3. c4 d5 4. cxd5 exd5 5. Nc3 Bb4 6. Qa4+ Nc6 7. Bg5 0-0 8. a3 Bxc3+ 9. bxc3 h6 10. Bf4 Ne4 11. Rc1 a6 12. h4 b5 13. Qc2 Bf5 14. Qa2 Na5 15. e3 c5 16. Be2 c4 17. Ne5 Nb3 18. Rc2 Qa5 19. Nc6 Nxc3 20. Nxa5 Nxa2 21. Rxa2 Nxa5 22. g4 Bh7 23. g5 c3 24. gxh6 c2 25. Kd2 Nb3+ 26. Kc3 c1Q+ 27. Rxc1 Nxc1 28. Rd2 Rfc8+ 29. Kb2 Nxe2 30. Rxe2 gxh6 31. Bxh6 Rc4 32. f4 Bg6 33. Rg2 Kh7 34. Bg5 Rac8 35. Kb3 Bc2+ 36. Kb2 Be4 37. Rg3 Rc2+ 38. Kb3 a5 0-1

[Event "Titled Tuesday intern op 05th Sep Late"]
[Site "Chess.com INT"]
[Date "2023.09.05"]
[Round "2"]
[White "Sivakumar, Shaaketh"]
[Black "Ai, Evan Zihao"]
[Result "1-0"]
[WhiteElo "2355"]
[BlackElo "2199"]
[PlyCount "155"]
[EventDate "2023.09.05"]
[EventType "swiss (blitz)"]
[EventRounds "11"]
[EventCountry "USA"]
[SourceTitle "EXT 2024"]
[Source "ChessBase"]
[SourceDate "2023.10.10"]
[SourceVersion "1"]
[SourceVersionDate "2023.10.10"]
[SourceQuality "1"]

1. c4 e6 2. e4 d5 3. cxd5 exd5 4. exd5 Qxd5 5. Nf3 Nf6 6. d4 Nc6 7. Nc3 Bb4 8. Be2 0-0 9. 0-0 Qa5 10. Bg5 Nd5 11. Ne4 h6 12. Bh4 Bf5 13. Bd3 Nf4 14. Bc2 Qd5 15. Nc3 Bxc3 16. bxc3 Rfe8 17. c4 Bxc2 18. Qxc2 Nxd4 19. cxd5 Nxc2 20. Rad1 Nb4 21. d6 cxd6 22. Rxd6 Nxa2 23. Rd7 b5 24. Ra1 Nc3 25. Raxa7 Rxa7 26. Rxa7 b4 27. Rb7 Nd3 28. h3 Ne2+ 29. Kh2 Nec1 30. Nd4 Re4 31. Nf5 b3 32. Ne7+ Kh7 33. Bg3 Rb4 34. Rxb4 Nxb4 35. Be5 Ncd3 36. Bc3 Na2 37. Bd4 b2 38. Bxb2 Nxb2 39. Nf5 Nc3 40. Nd6 f6 41. f3 Nd3 42. Nc4 Nd5 43. Nd2 Ne5 44. Ne4 Kg6 45. Kg3 f5 46. Nc5 f4+ 47. Kh2 Kf5 48. Ne4 g5 49. Nd6+ Kg6 50. Ne4 Nf6 51. Nd6 h5 52. Kg1 Nc4 53. Nxc4 Nd5 54. Kf2 Kf5 55. Ke2 Nc3+ 56. Kd3 Nd1 57. Nd6+ Ke6 58. Ne4 Kf5 59. Nd6+ Kg6 60. Ke2 Ne3 61. g4 hxg4 62. hxg4 Kf6 63. Ne4+ Kg6 64. Kd3 Ng2 65. Kd4 Ne1 66. Nd2 Ng2 67. Ke5 Nh4 68. Ke6 Kh6 69. Ke5 Ng2 70. Ke4 Nh4 71. Nc4 Kg6 72. Nd6 Ng2 73. Nf5 Nh4 74. Nxh4+ gxh4 75. Kxf4 Kh6 76. Ke3 Kg5 77. Kf2 Kf4 78. Kg2 1-0